| 000 | 00407nam a22001571a 4500 | ||
|---|---|---|---|
| 020 | _a9788170366584 | ||
| 082 |
_a371.713 095 4 _bMAL/M |
||
| 100 | _aMalavika Kapur | ||
| 245 |
_aMental health in Indian schools/ _cby Malavika Kapur |
||
| 260 |
_aNew Delhi: _bSage, _c1997. |
||
| 300 | _a168p. | ||
| 650 | _aMental Health School children | ||
| 650 | _aEducation | ||
| 650 | _aSocial Sciences | ||
| 942 | _cBK | ||
| 999 |
_c28675 _d28675 |
||